000 01101nam a2200253 i 4500
001 144131
003 ES-MaACL
005 20230906200942.0
007 t|
008 070214s1978 sp 10110 mul d
020 _a84-7110-029-0
080 _a620.91(063)
111 2 _aSimposio Internacional sobre Fuentes de Energía y Desarrollo (
_d1977.
_cBarcelona)
_9174666
245 1 0 _aSimposio Internacional sobre Fuentes de Energía y Desarrollo :
_bponencias y coloquios.
260 _aMadrid :
_bMoneda y Crédito,
_c1978 (
_eBarcelona :
_fGráf. Condal)
300 _a2 v. :
_bil. ;
_c23 cm.
500 _aTexto en español, inglés y francés; Resúmenes en español e inglés.
504 _aReferencias bibliográficas.
594 _aPrecede al tít.: Banco Occidental, Servicio de Estudios, Barcelona. Servicio de Estudios en Barcelona, Banco Urquijo.
650 4 _aRecursos energéticos-
_vCongresos y asambleas.
_9174667
710 2 _aBanco Occidental.
_bServicio de Estudios (Barcelona)
_92137
710 2 _aBanco Urquijo.
_bServicio de Estudios.
_92139
852 4 _aES-MaACL
_jA-9032-33
999 _c144131
_d144131